000 00522nam a2200193 a 4500
005 20140310183436.0
008 080204s19uu xx 00 eng d
020 _a141291034x
050 _aHF 5415
_b.B661 2006
100 _aBlythe, Jim
245 _aMarketing. /
260 _aLondon :
_bSage Publications,
_c2006.
300 _a184 p. :
_bill., ;
_c24 cm.
440 _aSage Course Companions Knowledge and Skills for Success
521 _aBSBA
650 _aMarketing.
942 _cBK
_2lcc
_kFOR
999 _c22896
_d22896